Seis adivinhos muito sabichões (Registo nº 4372)

Detalhes MARC
000 -Etiqueta do registo
Cabeçalho 00743nam0a2200253 4500
005 - Identificador da versão
Campo de controlo 20240813122059.0
095 ## -
-- PTBN00609665
010 ## - Número internacional normalizado dos livros (ISBN)
Número (ISBN) 9722600982
100 ## - Dados gerais de processamento
Dados gerais de processamento 20170310d1990 m y0pory5003 ba
102 ## - Pais de publicação ou produção
País de publicação Portugal
101 1# - Língua de publicação
Língua do texto, banda sonora, etc. Português
Língua do documento no original
215 ## - Descrição física 
Indicação específica da natureza do documento e extensão da espécie [24] p
Outras indicações físicas il. color
200 1# - Titulo e menção de responsabilidade
Título próprio Seis adivinhos muito sabichões
Primeira menção de responsabilidade Itziar Zubizarreta
Outras menções de responsabilidade il. Yon Zabaleta Larburu
225 1# - Colecção 
Título próprio da colecção Patinho
Indicação de volume 1
210 ## - Publicação, Distribuição, etc. 
Lugar da edição, distribuição, etc. [S. l.]
Nome do editor, distribuidor, etc. Civilização
Data da publicação, distribuição, etc. [1990?]
Data da impressão imp. 1990
606 ## - Nome comum usado como assunto
Número de registo de entrada de autoridade 0001739
Palavra de ordem Literatura basca
Subdivisão de assunto Conto
Código do sistema CA
675 ## - Classificação Decimal Universal (CDU)
Notação 821.361-34
Edição 3ª ed.
Língua da edição por
702 #1 - Nome de autor-pessoa física (responsabilidade secundária)
Número de registo de entrada de autoridade 0001741
Palavra de ordem Larburu
Outra parte do nome não tomada para palavra de ordem Yon Zabaleta
Código de função Ilustrador / Técnico de desenho computorizado
700 #1 - Nome de autor-pessoa física (responsabilidade principal)
Número de registo de entrada de autoridade 0001168
Palavra de ordem Zubizarreta
Outra parte do nome não tomada para palavra de ordem Itziar
966 ## - Identificação da Biblioteca
Sigla EBVEN
942 ## - Elementos de entrada adicionados (Koha)
Tipo de item no Koha Livro
Exemplares
Situação do levantamento Origin of item (home branch) (coded) Biblioteca de empréstimo Código de barras Cota Circulation type (not for loan) Tipo de documento Nota do exemplar Damaged status
  Biblioteca Escolar das Vendas Biblioteca Escolar das Vendas BEV152 8EST ZUB   Livro Sem mensagem